000
00255nam a2200109Ia 4500
008
220204s9999 xx 000 0 und d
082
_a
82-3
_b
ROS
100
_a
Rostand, Robert
245
2
_a
A Killing in Rome
260
_a
London
_b
Arrow
_c
1977
942
_c
BK
999
_c
32746
_d
32746